00900nam a2200253Ia 4500003000900000008004100009020003000050020003100080022002200111022002300133040001600156100002600172245006400198260005700262300002000319490002900339650003200368650002900400650006400429650004100493650001200534700002700546856007300573IN-BaIIA211028s9999 xx s 000 0 eng d a978-3-540-40583-2 (Print) a978-3-540-45095-5 (Online) a0075-8450 (Print) a1616-6361 (Online) cIIA Library aNarayanan, Ranga, ed. 0aInterfacial Fluid Dynamics and Transport Processesh[eBook] aHeidelberg, BerlinbSpringer Berlin Heidelbergc2003 aOnline resource aLecture Notes in Physics a Engineering Fluid Dynamics a Fluid- and Aerodynamics a Soft and Granular Matter, Complex Fluids and Microfluidics a Surfaces and Interfaces, Thin Films aPhysics aSchwabe, Dietrich, ed. uhttp://doi.org/10.1007/978-3-540-45095-5yClick Here to Access eBook